[Event "Lamia-ch 1213"]
[Site "Lamia"]
[Date "2013.02.09"]
[Round "12"]
[White "Georgantas, Nikolaos"]
[Black "Stasinos, Panayotis"]
[Result "0-1"]
[WhiteElo "1852"]
[BlackElo "2095"]
[PlyCount "31"]
[EventDate "2012.12.02"]
[EventType "tourn"]
[EventRounds "15"]
[EventCountry "GRE"]
[SourceTitle "EXT 2024"]
[Source "ChessBase"]
[SourceDate "2023.10.10"]
[SourceVersion "1"]
[SourceVersionDate "2023.10.10"]
[SourceQuality "1"]

1. f4 d5 2. d4 Nf6 3. Nf3 g6 4. e3 Bg7 5. Be2 0-0 6. 0-0 b6 7. c3 Ba6 8. Ne5 Bxe2 9. Qxe2 e6 10. b4 c5 11. bxc5 bxc5 12. Ba3 Nfd7 13. Nd2 Qa5 14. Bb2 Nxe5 15. fxe5 Nd7 16. Rfb1 0-1

[Event "Lamia-ch 1213"]
[Site "Lamia"]
[Date "2013.01.13"]
[Round "7"]
[White "Georgantas, Nikolaos"]
[Black "Stasinos, Stamatis"]
[Result "1-0"]
[WhiteElo "1852"]
[BlackElo "1176"]
[PlyCount "48"]
[EventDate "2012.12.02"]
[EventType "tourn"]
[EventRounds "15"]
[EventCountry "GRE"]
[SourceTitle "EXT 2024"]
[Source "ChessBase"]
[SourceDate "2023.10.10"]
[SourceVersion "1"]
[SourceVersionDate "2023.10.10"]
[SourceQuality "1"]

1. Nf3 e6 2. e4 d5 3. exd5 exd5 4. d4 Nf6 5. Be2 Bb4+ 6. c3 Bd6 7. 0-0 0-0 8. Bd3 b6 9. Qc2 Ba6 10. Bxa6 Nxa6 11. Qd3 Nb8 12. Bg5 Nbd7 13. Nbd2 c5 14. Rfe1 h6 15. Bh4 Re8 16. Rxe8+ Qxe8 17. Re1 Bxh2+ 18. Kxh2 Ng4+ 19. Kg1 Qb8 20. Qf5 Ndf6 21. Bxf6 Nxf6 22. Ne5 cxd4 23. cxd4 Ne8 24. Ng4 Qd8 1-0